000 00675nam a2200241Ia 4500
005 20260430150323.0
008 008 250103s9999 xx 000 0 eng d
037 _aTheses
040 _aCRL
040 _beng
040 _ceng
041 _2eng
041 _aeng
084 _qCRL
100 _aVikas Kumar Au.; Mahlavat Shabnam Gu.
_91237137
245 0 _aTransfer of Technology and Climate Change Mitigation in International Legal Regime Exploring Gaps in Theory and Practice
260 _c2022
300 _a389
650 _aScience
700 _aUniversity of Delhi. Faculty of Law. Deptt. of Law
_91236414
942 _cTH
999 _c1849503
_d1849503